[Event "FRA-chT Top 12"]
[Site "Drancy"]
[Date "2016.05.30"]
[Round "3.3"]
[White "Velten, Paul"]
[Black "Heimann, Andreas"]
[Result "1-0"]
[WhiteElo "2469"]
[BlackElo "2578"]
[Annotator "RR"]
[PlyCount "123"]
[EventDate "2016.05.28"]
[EventType "team-tourn"]
[EventRounds "11"]
[EventCountry "FRA"]
[SourceTitle "CBM 172 Extra"]
[Source "ChessBase"]
[SourceDate "2016.06.21"]
[SourceVersion "1"]
[SourceVersionDate "2016.06.21"]
[SourceQuality "1"]
[WhiteTeam "Chalons-en-Champagne"]
[BlackTeam "Mulhouse Philidor"]
[WhiteTeamCountry "FRA"]
[BlackTeamCountry "FRA"]
[TimeControl "40/5400+30:1800+30"]

1. d4 {[%emt 0:00:30][%mdl 512] Prix de beauté de la 03ème ronde} Nf6 {
[%emt 0:00:30]} 2. c4 {[%emt 0:00:30]} e6 {[%emt 0:00:00]} 3. Nf3 {[%emt 0:00:
30]} b6 {[%emt 0:00:00]} 4. a3 {[%emt 0:00:30]} Ba6 {[%emt 0:02:30]} 5. Qc2 {
[%emt 0:01:30]} Bb7 {[%emt 0:01:30]} 6. Nc3 {[%emt 0:06:30]} c5 {[%emt 0:00:00]
} 7. e4 {[%emt 0:08:30]} cxd4 {[%emt 0:03:00]} 8. Nxd4 {[%emt 0:00:30]} Bc5 {
[%emt 0:01:30]} (8... d6 {Transpose dans des positions hérisson proches de la
sicilienne Kan avec une Qc2 au lieu de Qd2}) (8... Nc6) 9. Nb3 {[%emt 0:01:30]}
Nc6 {[%emt 0:00:30]} 10. Bd3 {[%emt 0:00:30]} Be7 {[%emt 0:28:30]} (10... O-O
11. O-O Be7 12. Bf4 d6 13. Be2 Qc8 14. Rac1 Ne5 15. Nd2 Rd8 16. Rfd1 Qc7 17.
Nb5 Qc6 18. b4 a6 19. Nc3 Rac8 20. Qb1 Ba8 21. h3 Nfd7 22. Be3 Bf6 23. Bf1 Qb7
24. Qb3 Qb8 25. Rb1 b5 26. Rbc1 bxc4 27. Nxc4 Nxc4 28. Bxc4 Bb7 29. Be2 h6 30.
Na4 Bxe4 31. Bxa6 Rxc1 32. Rxc1 Bxg2 33. Kxg2 Qa8+ 34. Kg1 Qxa6 35. b5 Qb7 36.
b6 Ne5 37. Rc7 Qf3 38. Kf1 d5 39. Nc5 Qxh3+ 40. Ke1 {Cvitan,O (2538)-Georgiev,
K (2665) Sibenik 2008 0-1}) 11. Bf4 $146 {[%emt 0:04:30]} (11. f4 d6 12. O-O
Nd7 13. Be3 Nc5 14. Be2 O-O 15. Rad1 Qc7 16. Nd2 Rac8 17. b4 Nd7 18. Nb3 a6 19.
Rc1 Qb8 20. Bd3 g6 21. Qf2 Ba8 22. Na4 Bd8 23. Be2 Ne7 24. Nc3 Bb7 25. Nd4 Nf6
26. f5 Nxe4 27. Nxe4 Bxe4 28. fxe6 f5 29. Bh6 Re8 30. Bf3 d5 31. cxd5 Rxc1 32.
Rxc1 Bxd5 33. Nc6 {1-0 (33) Khalifman,A (2500)-Tukmakov,V (2575) Kuibyshev 1986
}) 11... d6 {[%emt 0:00:30]} 12. Rd1 {[%emt 0:02:30]} Qb8 {[%emt 0:05:30]} 13.
O-O {[%emt 0:02:30]} O-O {[%emt 0:00:30]} 14. Be2 {[%emt 0:08:30]} Ne5 {
[%emt 0:04:30]} 15. Bg3 {[%emt 0:07:30]} Rc8 $5 {[%emt 0:00:30] Attaquant la
seule faiblesse Blanche} 16. Nd2 {[%emt 0:00:30]} a6 {[%emt 0:09:30] Il est
difficile pour les Noirs de terminer le développement sans jouer ce coup
thématique} 17. f4 {[%emt 0:08:30]} (17. f3 {L'alternative plus solide mais
aussi moins ambitieuse}) 17... Ned7 {[%emt 0:00:00]} 18. Kh1 {[%emt 0:01:30]}
Bc6 {[%emt 0:09:00]} 19. Nb3 {[%emt 0:09:30]} Qb7 {[%emt 0:02:30]} 20. Bf3 {
[%emt 0:03:30]} Nc5 {[%emt 0:04:30]} (20... b5 21. Na5 $1 $18 {[%cal Ga5c6,
Ga5b7,Ge4e5,Gf3c6]} (21. e5 Bxf3 (21... dxe5 $6 22. fxe5 Nxe5 $5 23. Bxe5 Bxf3
24. Rxf3 bxc4) 22. Rxf3 dxe5 23. fxe5 Nh5 {[%cal Gh5g3,Gc8c4]})) (20... Qc7
$142 {Malgré la perte de temps, le coup thématique Qc7 parait plus sain} 21.
Qe2 (21. e5) (21. Nd4 Bb7 22. Qe2) 21... Bb7 22. Nd2 $11 {[%cal Gd2c4]}) 21.
Nxc5 {[%emt 0:00:30]} dxc5 {[%emt 0:00:30]} 22. e5 {[%emt 0:04:30]} Bxf3 {
[%emt 0:01:30]} 23. Rxf3 {[%emt 0:00:30]} Nh5 {[%emt 0:01:30]} 24. f5 {[%emt 0:
03:30]} Rd8 {[%emt 0:04:55]} 25. Rdf1 $36 {[%emt 0:00:30]} Rd4 {[%emt 0:00:33]}
(25... Nxg3+ 26. Rxg3 Bf8 27. Ne4 {[%cal Ge4f6,Ge4d6,Gg3h3,Gc2h7]}) 26. f6 {
[%emt 0:02:30]} Bf8 {[%emt 0:00:59]} 27. fxg7 {[%emt 0:02:47]} Bxg7 {[%emt 0:
00:31]} 28. Rxf7 {[%emt 0:00:33]} Qxf7 {[%emt 0:01:32]} 29. Rxf7 {[%emt 0:00:
04]} Nxg3+ {[%emt 0:00:00]} 30. hxg3 {[%emt 0:00:07]} Kxf7 {[%emt 0:00:02]} 31.
Qe2 {[%emt 0:00:52]} Ke7 {[%emt 0:09:40]} 32. Ne4 {[%emt 0:04:16]} Rf8 {
[%emt 0:03:27]} 33. Ng5 {[%emt 0:01:26]} Rf5 {[%emt 0:00:06]} 34. Nf3 {[%emt 0:
00:14]} Rd7 {[%emt 0:00:09]} 35. b4 {[%emt 0:00:44]} Ke8 {[%emt 0:03:55]} 36.
Kh2 {[%emt 0:01:51]} cxb4 $6 {[%emt 0:00:53]} (36... Rh5+ 37. Kg1 $13) 37. axb4
{[%emt 0:00:11]} a5 {[%emt 0:00:02]} 38. c5 {[%emt 0:00:20]} bxc5 {[%emt 0:02:
20]} 39. bxa5 {[%emt 0:01:56]} Ke7 {[%emt 0:01:10]} 40. g4 {[%emt 0:00:33]} Rf4
{[%emt 0:00:35]} 41. Kg3 {[%emt 0:00:36]} Rb4 {[%emt 0:02:11]} 42. Qc2 {
[%emt 0:06:30]} c4 {[%emt 0:01:30]} 43. Qxh7 {[%emt 0:00:30]} Kf8 {[%emt 0:00:
30]} 44. Qg6 {[%emt 0:00:30]} c3 {[%emt 0:09:20]} 45. Qxe6 {[%emt 0:00:30]}
Rbb7 {[%emt 0:00:02]} 46. Ng5 {[%emt 0:04:30]} Bh8 {[%emt 0:00:58]} 47. Qf5+ {
[%emt 0:00:30]} Kg8 {[%emt 0:05:26]} 48. Ne6 {[%emt 0:04:30]} Rf7 {[%emt 0:04:
09]} 49. Qg6+ {[%emt 0:02:30]} Bg7 {[%emt 0:00:07]} 50. a6 {[%emt 0:03:30]} Ra7
{[%emt 0:00:09]} 51. Nd4 {[%emt 0:04:04]} Rfe7 {[%emt 0:05:54]} 52. Nf5 {
[%emt 0:06:01]} Rxe5 {[%emt 0:00:25]} 53. Nh6+ {[%emt 0:00:16]} Kh8 {[%emt 0:
04:19]} 54. Nf7+ {[%emt 0:01:34]} Rxf7 {[%emt 0:00:05]} 55. Qxf7 {[%emt 0:00:
03]} c2 {[%emt 0:00:03]} 56. a7 {[%emt 0:00:29]} Ra5 {[%emt 0:00:06]} 57. Qe8+
{[%emt 0:00:46]} Kh7 {[%emt 0:00:05]} 58. Qe4+ {[%emt 0:00:16]} Kh6 {[%emt 0:
00:30]} 59. Qe3+ {[%emt 0:00:20]} Kh7 {[%emt 0:03:02]} 60. Qd3+ {[%emt 0:00:04]
} Kh6 {[%emt 0:00:04]} 61. Qd2+ {[%emt 0:00:12]} Kh7 {[%emt 0:00:09]} 62. Qxc2+
{[%emt 0:00:14]} 1-0

[Event "EU-ch 12th"]
[Site "Aix les Bains"]
[Date "2011.03.23"]
[Round "2"]
[White "Vitiugov, Nikita"]
[Black "Terrieux, Kevin"]
[Result "1-0"]
[WhiteElo "2720"]
[BlackElo "2422"]
[Annotator "Reeh,O"]
[PlyCount "67"]
[EventDate "2011.03.22"]
[EventType "swiss"]
[EventRounds "11"]
[EventCountry "FRA"]
[SourceTitle "CBM 142 Extra"]
[Source "ChessBase"]
[SourceDate "2011.06.27"]
[SourceVersion "1"]
[SourceVersionDate "2011.06.27"]
[SourceQuality "1"]

{[%mdl 32768]} 1. d4 Nf6 2. c4 e6 3. Nf3 b6 4. a3 Ba6 5. Qb3 c5 6. d5 b5 7.
cxb5 Bb7 8. dxe6 fxe6 9. g3 Qb6 10. Nbd2 a6 11. bxa6 Qxb3 12. Nxb3 Nxa6 13. Bg2
Be7 14. Nbd2 c4 15. O-O (15. Nxc4 Nb4 16. Ne3 Ng4 17. O-O Nxe3 18. Bxe3 Nc2)
15... Rc8 16. Re1 Nc5 17. Nd4 Bxg2 18. Kxg2 d5 19. e4 Nd3 20. Re2 c3 21. N2b3
cxb2 22. Bxb2 e5 23. Nb5 Nxb2 24. Rxb2 Nxe4 25. Re2 Kd7 26. a4 Bd6 $2 {A very
unfortunate square for the bishop. Ein sehr unglückliches Feld für den Läufer.}
({Simple and good was for example Einfach und gut war beispielsweise} 26... Nc5
27. Nxc5+ Rxc5 {with the idea mit der Idee} 28. Rxe5 $2 Bf6) 27. Rxe4 $1 {
Ripping open the d-file and allowing a deadly pin of the black Bd6. Reißt die
d-Linie auf und ermöglicht eine tödliche Fesselung des schwarzen Bd6.} dxe4 28.
Rd1 Rc6 {[%tqu "En","What now?","Attack the defender!","","b3a5","The point -
White threatens 30.Nxc6, and if the black rook leaves the c-file follows 30.
Nc4 winning the Bd6.",10,"De","Was jetzt?","Greifen Sie den Verteidiger an!",
"","b3a5","Die Pointe - Weiß droht 30.Nxc6, und wenn der schwarze Turm die
c-Linie verlässt, folgt 30.Nc4 mit Gewinn des Bd6.",10]} 29. Na5 $1 {The point
- White threatens 30.Nxc6, and if the black rook leaves the c-file there
follows 30.Nc4 winning the Bd6. Die Pointe - Weiß droht 30.Nxc6, und wenn der
schwarze Turm die c-Linie verlässt, folgt 30.Nc4 mit Gewinn des Bd6.} Ra6 ({
After Auf} 29... Rhc8 {simplest is geschieht am einfachsten} 30. Nxc6 Rxc6 31.
Kf1 {followed by general liquidation on d6 - thanks to the passed a-pawn the
ending is trivially won for White. nebst Generalabtausch auf d6 - das Endspiel
ist dank des entfernten a-Freibauern trivial für Weiß gewonnen.}) 30. Nc4 Rxa4
31. Rxd6+ Ke7 32. Nb6 Ra2 33. Nd5+ Kf7 34. Nbc3 1-0

[Event "Olympiad-37"]
[Site "Turin"]
[Date "2006.05.22"]
[Round "2"]
[White "Banikas, Hristos"]
[Black "Nyysti, Sampsa"]
[Result "1-0"]
[WhiteElo "2576"]
[BlackElo "2369"]
[Annotator "Reeh,O"]
[PlyCount "53"]
[EventDate "2006.05.21"]
[EventType "team-swiss"]
[EventRounds "13"]
[EventCountry "ITA"]
[SourceTitle "CBM 113"]
[Source "ChessBase"]
[SourceDate "2006.07.31"]
[SourceVersion "1"]
[SourceVersionDate "2006.07.31"]
[SourceQuality "1"]
[WhiteTeam "Greece"]
[BlackTeam "Finland"]
[WhiteTeamCountry "GRE"]
[BlackTeamCountry "FIN"]

1. d4 Nf6 2. c4 e6 3. Nf3 b6 4. a3 Bb7 5. Nc3 d5 6. cxd5 Nxd5 7. Qc2 Nd7 8. e4
Nxc3 9. bxc3 c5 10. Bf4 Be7 11. Bd3 Rc8 12. Qe2 c4 13. Bc2 (13. Bxc4 {was
definitely playable, since after war definitiv spielbar, denn nach} Bxe4 {
White has the rejoinder hat Weiß die Riposte} 14. Ba6 Bxf3 15. Qxf3 {winning
an exchange. mit Qualitätsgewinn.}) 13... b5 14. O-O a5 15. Rab1 Ba6 16. d5 {
Opening the game in the centre. Öffnet das Spiel im Zentrum.} exd5 17. exd5 O-O
18. Nd4 (18. a4 {was worth considering here, with the idea kam hier in
Betracht, mit der Idee} b4 19. d6) ({The immediate Das sofortige} 18. d6 $6 Bf6
{would give White nothing. würde nichts einbringen.}) 18... Bxa3 19. Nxb5 Bxb5
20. Rxb5 {His bishop pair now gives White a slight pull. Sein Läuferpaar gibt
Weiß nun ein leichtes Plus.} Re8 21. Qf3 Qf6 {Starting a counterattack on the
pawn c3. Leitet einen Gegenangriff auf den Bauern c3 ein.} 22. Rxa5 Bb2 23. d6
$6 {23.Ra7 Ne5 24.Qg3 was objectively stronger, yet the text move sets a sly
trap... 23.Ra7 Ne5 24.Qg3 war objektiv stärker, doch der Textzug stellt eine
schlaue Falle...} Bxc3 $2 {... into which Black promptly falls. ... und
Schwarz fällt prompt hinein.} ({With} 23... Qxc3 24. Qxc3 Bxc3 {Black could
have put up tough resistance. hätte Schwarz hartnäckigen Widerstand leisten
können.}) 24. Rf5 $1 Qd4 {The only square for the queen, which has to guard
the bishop on c3. Das einzige Feld für die Dame, die ja den Läufer auf c3
decken muss.} 25. Rd5 Qf6 26. Bf5 $1 (26. Qh3 g6 27. Qxd7 Qxf4 28. Qh3 {
with the double threat 29.d7 and Qxc3 was also winning. mit der Doppeldrohung
29.d7 und Dxc3 gewann ebenfalls.}) 26... Rcd8 {[%tqu "En","How can White win
immediately?","The black queen has only very few squares.","If we could lure
the black queen onto the fifth rank, this would allow Bxh7+ with a discovered
attack of the rook d5.","f4g5","And Black's queen is trapped in her own camp!",
15,"De","Wie kann Weiß sofort gewinnen?","Die schwarze Dame hat nur sehr
wenige Felder.","Wenn wir die schwarze Dame auf die fünfte Reihe locken
könnten, würde das Lxh7+ ermöglichen, mit einem Abzugsangriff vom Turm d5.",
"f4g5","Und die schwarze Dame ist in ihrem eigenen Lager gefangen!",15]} 27.
Bg5 $1 {And Black's queen has to leave the board. Und die schwarze Dame beißt
ins Gras.} (27. Bg5 Qxg5 (27... Ne5 28. Qh3 $1 Qxg5 29. Qxh7+ Kf8 30. Qh8#) 28.
Bxh7+ Kxh7 29. Rxg5) 1-0

[Event "ENG-ch m"]
[Site "England"]
[Date "1991.??.??"]
[Round "8"]
[White "Speelman, Jonathan S"]
[Black "Kosten, Anthony C"]
[Result "1-0"]
[WhiteElo "2630"]
[BlackElo "2535"]
[Annotator "Ribli,Z"]
[PlyCount "103"]
[EventDate "1991.12.??"]
[EventType "k.o."]
[EventRounds "3"]
[EventCountry "ENG"]
[SourceTitle "CBM 028"]
[Source "ChessBase"]
[SourceDate "1992.06.01"]
[SourceVersion "1"]
[SourceVersionDate "1992.06.01"]
[SourceQuality "1"]

1. Nf3 Nf6 2. c4 e6 3. Nc3 Bb4 4. e3 O-O 5. Be2 d5 6. a3 Be7 7. d4 c5 (7... b6
8. O-O Bb7 9. b4 a5 10. b5 dxc4 11. Qc2 $1 Nd5 12. Bb2 Nxc3 13. Qxc3 c6 14.
bxc6 Bxc6 15. Qxc4 $14 {Speelman,J-Kosten,A Hastings 1990  CBM/22}) 8. cxd5
Nxd5 (8... exd5 9. dxc5 Bxc5 10. b4 Bb6 11. Bb2 $14) 9. O-O Nxc3 10. bxc3 b6
11. e4 Bb7 12. Bd3 {-> E 12} Nd7 (12... Nc6 $5) 13. Qe2 cxd4 $6 (13... Rc8 $5
14. Bd2 Qc7 15. h4 e5 16. Rfe1 c4 17. Bc2 Rfe8 18. Ba4 exd4 19. cxd4 a6 20. Bf4
Qxf4 21. Bxd7 b5 $44 {Dohonjan}) 14. cxd4 Rc8 15. Bd2 Nf6 16. a4 $1 $14 Qc7 17.
a5 Rfd8 18. axb6 axb6 19. h3 Nd7 20. Rab1 e5 21. d5 Bc5 22. Bb5 Qd6 23. Ra1 Nf6
24. Ra7 Qb8 25. Rfa1 $16 Bd6 26. Bg5 Be7 27. Bc6 $1 Bxc6 28. Rxe7 Qd6 29. Rxe5
$18 Be8 30. Rf5 Bd7 31. Bxf6 gxf6 32. Rh5 Qf4 33. g3 Qd6 34. Qe3 Qf8 35. Qxb6
Qg7 36. Kg2 Re8 37. Ra7 Rb8 38. Qd6 Bb5 39. Rh4 Kh8 40. Nd4 Bd3 41. Nf5 Qg6 42.
Re7 Red8 43. Qf4 Rb1 44. Rh6 Qg5 45. Qxg5 fxg5 46. Rd6 Rf8 47. g4 Re1 48. f3
Re2+ 49. Kg3 Rb2 50. h4 Bf1 51. hxg5 Rg2+ 52. Kf4 1-0

[Event "Belgrade GMA op"]
[Site "Belgrade"]
[Date "1988.??.??"]
[Round "?"]
[White "Janjgava, Lasha"]
[Black "Rodriguez Cespedes, Amador"]
[Result "1/2-1/2"]
[WhiteElo "2470"]
[BlackElo "2550"]
[Annotator "Rodriguez,Am"]
[PlyCount "50"]
[EventDate "1988.12.??"]
[EventType "swiss"]
[EventRounds "9"]
[EventCountry "YUG"]
[SourceTitle "TD"]
[Source "ChessBase"]
[SourceDate "1994.03.01"]
[SourceVersion "1"]
[SourceVersionDate "1994.03.01"]
[SourceQuality "1"]

1. d4 Nf6 2. c4 e6 3. Nf3 b6 4. Nc3 Bb7 5. a3 d5 6. cxd5 Nxd5 7. Qc2 Be7 8. e4
Nxc3 9. bxc3 O-O 10. Bd3 c5 11. O-O Qc8 12. Qe2 Ba6 13. Rd1 Bxd3 14. Rxd3 Nd7 (
14... cxd4) 15. Bf4 Re8 $1 16. Ne5 $5 (16. Rad1 $2 c4 {/\ Ba3}) (16. a4 cxd4
17. cxd4 Qa6 {/\ R ac8=/+}) 16... cxd4 (16... Bd6 17. Qh5 $40 {>>}) 17. cxd4
Nxe5 18. Bxe5 Qd7 (18... Qc6 19. d5 exd5 20. exd5 Qc4 $5 21. Qd2 $1 $13 (21.
Bxg7 $2 Bf6 $1 $19)) 19. Rad1 {/\ R g3} (19. Rg3 $2 f6 20. Qg4 (20. Bf4 Qxd4
21. Rd1 Qa4 {/\ Bf8, R ad8}) 20... g6 $1 21. Qh5 $8 (21. Bf4 f5 $1 $17) 21...
Bd8 (21... fxe5 22. Rxg6+ $10) 22. Bf4 Rc8 $5 {/\ Bc7, f5=/+}) 19... Bd6 $1 $10
20. Bxd6 Qxd6 21. Rc3 Rac8 22. Qc2 Qd7 23. h3 h6 24. d5 Rxc3 25. Qxc3 Rc8
1/2-1/2

[Event "Bazna Kings 5th"]
[Site "Medias"]
[Date "2011.06.19"]
[Round "8"]
[White "Nakamura, Hikaru"]
[Black "Karjakin, Sergey"]
[Result "1/2-1/2"]
[WhiteElo "2774"]
[BlackElo "2776"]
[Annotator "Rogozenco,D"]
[PlyCount "93"]
[EventDate "2011.06.11"]
[EventType "tourn"]
[EventRounds "10"]
[EventCountry "ROU"]
[EventCategory "21"]
[SourceTitle "CBM 143"]
[Source "ChessBase"]
[SourceDate "2011.07.15"]
[SourceVersion "1"]
[SourceVersionDate "2011.07.15"]
[SourceQuality "1"]

1. d4 Nf6 2. c4 e6 3. Nf3 b6 4. a3 {The Petrosian Variation. White prepares
Nc3 and wants to avoid the pin after ...Bb4.} Bb7 5. Nc3 {[#]} d5 {Otherwise
White will play d4-d5 himself.} ({For instance} 5... Be7 6. d5 {followed by
e2-e4 secures White an advantage in the centre. Here one can notice the
importance for White of not being pinned with ...Bb4.}) 6. cxd5 Nxd5 7. Qc2
Nxc3 8. bxc3 Be7 9. e4 O-O 10. Bd3 c5 11. O-O Qc7 ({Another standard plan in
this variation is} 11... Qc8 12. Qe2 Ba6) 12. Qe2 Nc6 13. Be3 ({After} 13. d5
exd5 14. exd5 {Black can consider a positional pawn sacrifice:} c4 $5 15. Bxc4
Na5 16. Ba2 Bf6 17. Bb2 Rac8 {with the idea of 18...Nc4. Then White should
probably prevent it with} 18. Nd2 {It remains unclear if Black has full
compensation. Probably only future practice can give an answer to the question.
}) 13... Rfd8 14. h4 {White is trying to expend on the kingside.} e5 $1 15. d5
Na5 16. h5 ({Of course White would be happy to fortify his centre with} 16. c4
{but this would allow} Nb3 17. Rab1 Nd4) 16... c4 17. Bc2 Nb3 $1 ({After} 17...
h6 18. Nd2 $1 {White prevents the manoeuvre Na5-b3-c5.}) 18. Ra2 ({As the
players established after the game, in the event of} 18. Bxb3 cxb3 19. c4 f5 $1
20. exf5 b5 $1 21. cxb5 Bxd5 {Black is doing fine.}) 18... h6 19. Nh2 {The
American GM transfers the knight to f5, but as we'll see this doesn't promise
White much. The position is about equal.} Bd6 20. Rb1 Nc5 21. Nf1 (21. Qxc4 Ba6
22. Qb4 {leaves Black with many attractive options. One possibility is} Nd3 23.
Qa4 Bc4 24. Bb3 b5 25. Qa6 Bxb3 26. Rxb3 Qc4 27. Qxb5 Qxe4 {with initiative.})
21... Ba6 ({A more ambitious continuation is} 21... f5 $5) 22. Ng3 Bf8 23. Nf5
Nd3 24. g3 ({At this moment Hikaru missed a good chance to get an advantage by
continuing} 24. a4 {If then} Bc8 25. Bxd3 cxd3 26. Qxd3 Bxf5 27. exf5 Rac8 {
White continues} 28. a5 $1 {and in the event of} (28. Rb3 Qc6 $1) 28... Qxc3 (
28... bxa5 $1) 29. Qxc3 Rxc3 30. axb6 axb6 31. Bxb6 Rxd5 32. Ra8 {Black has
serious back rank problems.}) (24. Qg4 {doesn't achieve anything due to the
obvious} Kh8 ({or} 24... Kh7)) 24... Bc8 25. Qf3 Bxf5 26. Qxf5 (26. exf5 Qd7 $1
27. f6 Qxd5 28. Qg4 Rd6 29. fxg7 Bxg7 {is just better for Black.}) 26... Bc5
27. Qf3 Bxe3 28. Qxe3 Nc5 29. Rb4 Nb7 30. Ba4 Nd6 31. Bc6 Rab8 {Neither side
can do much in this equal position.} 32. a4 Rf8 33. g4 Kh7 34. f3 Qe7 35. Rh2
Qf6 36. Kf2 Rbc8 37. Ke1 Rc7 38. Kd1 Rd8 39. Ke2 Qe7 40. Rh1 Qf6 41. Ra1 Qh4
42. Rbb1 Qh2+ 43. Qf2 Qf4 44. Qe3 Qh2+ 45. Qf2 Qf4 46. Qe3 Qh2+ 47. Qf2 1/2-1/2